Normal view
MARC view
- Bordons, C.
Entry Personal Name
001 - CONTROL NUMBER
- control field: 99308
003 - CONTROL NUMBER IDENTIFIER
- control field: NUST
005 - DATE AND TIME OF LATEST TRANSACTION
- control field: 20221006134736.0
008 - FIXED-LENGTH DATA ELEMENTS
- fixed length control field: 221006|| aca||aabn | a|a d
040 ## - CATALOGING SOURCE
- Original cataloging agency: NUST
- Transcribing agency: NUST
100 ## - HEADING--PERSONAL NAME
- Personal name: Bordons, C.
- Dates associated with a name: 1962-
670 ## - SOURCE DATA FOUND
- Source citation: Work cat.: (NUST)178746: Camacho, E. F. 99307, Model predictive control, c2004.
